[Event "FRA-UKR Solidarity m"]
[Site "Tornelo INT"]
[Date "2022.05.14"]
[Round "2.3"]
[White "Berdnyk, Mariia"]
[Black "Gatineau, Yovann"]
[Result "0-1"]
[WhiteElo "2290"]
[BlackElo "2367"]
[PlyCount "92"]
[EventDate "2022.05.14"]
[EventType "team-match (rapid)"]
[EventRounds "2"]
[EventCountry "UKR"]
[SourceTitle "CBM 208 Extra"]
[Source "ChessBase"]
[SourceDate "2022.07.31"]
[SourceVersion "1"]
[SourceVersionDate "2022.07.31"]
[SourceQuality "1"]
[WhiteTeam "Lvov Chess Fed"]
[BlackTeam "Paris Blitz Society"]
[WhiteTeamCountry "UKR"]
[BlackTeamCountry "FRA"]

1. d4 d5 2. c4 c6 3. Nf3 Nf6 4. g3 dxc4 5. Bg2 b5 6. 0-0 Bb7 7. Ne5 e6 8. Nc3 Qc8 9. e4 Bb4 10. Bg5 Nbd7 11. Nxd7 Nxd7 12. e5 Bxc3 13. bxc3 0-0 14. Qg4 Kh8 15. Qh5 c5 16. Be7 Bxg2 17. Kxg2 Re8 18. Bd6 Qc6+ 19. Kg1 Kg8 20. Rad1 Rad8 21. f4 cxd4 22. Rxd4 Nf8 23. f5 exf5 24. Qxf5 Qd7 25. Qh5 Ng6 26. Qf3 Qe6 27. Qb7 a6 28. h4 Rd7 29. Qf3 h6 30. h5 Nf8 31. Rf4 Nh7 32. Rf5 Ng5 33. Qc6 Red8 34. Qxa6 Qd5 35. Qb6 Qd3 36. Kh2 Qe2+ 37. R1f2 Qxh5+ 38. Kg2 Qh3+ 39. Kg1 Qxg3+ 40. Kh1 Qh3+ 41. Kg1 Qg4+ 42. Kh2 Ne4 43. R2f4 Qg3+ 44. Kh1 Nxd6 45. exd6 Rxd6 46. Qf2 Rd1+ 0-1

[Event "Reykjavik Kvika op"]
[Site "Reykjavik"]
[Date "2022.04.07"]
[Round "3"]
[White "Jaivardhan, Raja Pilla"]
[Black "Berdnyk, Mariia"]
[Result "0-1"]
[WhiteElo "2006"]
[BlackElo "2287"]
[PlyCount "100"]
[EventDate "2022.04.06"]
[EventType "swiss"]
[EventRounds "9"]
[EventCountry "ISL"]
[SourceTitle "CBM 207 Extra"]
[Source "ChessBase"]
[SourceDate "2022.05.31"]
[SourceVersion "1"]
[SourceVersionDate "2022.05.31"]
[SourceQuality "1"]

1. e4 g6 2. d4 Bg7 3. Nf3 d6 4. Nc3 a6 5. Bf4 Nd7 6. Qd2 b5 7. e5 Bb7 8. Be2 Nb6 9. exd6 cxd6 10. a3 Rc8 11. Rd1 Nc4 12. Bxc4 Rxc4 13. Be3 Bxf3 14. gxf3 Qa8 15. Ke2 Qc8 16. h4 h5 17. Qd3 Nh6 18. Bxh6 Bxh6 19. Kf1 Bg7 20. Qe3 Qb7 21. Ne4 0-0 22. c3 a5 23. Rg1 Qd7 24. Rg3 Ra8 25. Nd2 Rcc8 26. Re1 Ra7 27. Ne4 b4 28. axb4 axb4 29. Qd3 bxc3 30. bxc3 Ra3 31. Rc1 d5 32. Nc5 Qd6 33. Qd2 Kh7 34. Qb2 Rca8 35. Qb7 R8a7 36. Qc8 Qf4 37. Nd3 Qd2 38. f4 Ra1 39. Re1 Rxe1+ 40. Nxe1 Ra2 41. Nd3 Ra1+ 42. Kg2 Qd1 43. Qh3 Qf1+ 44. Kf3 Qxd3+ 45. Kg2 Qf1+ 46. Kf3 Qd1+ 47. Kg2 Rc1 48. Re3 e6 49. Rg3 Qf1+ 50. Kf3 Rxc3# 0-1

[Event "UKR-ch (Women) 81st"]
[Site "Kharkov"]
[Date "2021.12.16"]
[Round "8"]
[White "Rakhmangulova, Anastasiya"]
[Black "Berdnyk, Mariia"]
[Result "1-0"]
[WhiteElo "2174"]
[BlackElo "2307"]
[PlyCount "101"]
[EventDate "2021.12.08"]
[EventType "tourn"]
[EventRounds "9"]
[EventCountry "UKR"]
[SourceTitle "CBM 205 Extra"]
[Source "ChessBase"]
[SourceDate "2022.01.31"]
[SourceVersion "1"]
[SourceVersionDate "2022.01.31"]
[SourceQuality "1"]

1. e4 c5 2. Nf3 d6 3. Nc3 Nf6 4. d4 cxd4 5. Nxd4 a6 6. Bc4 e6 7. Bb3 Nbd7 8. Bg5 Nc5 9. Qe2 Be7 10. f4 h6 11. Bxf6 Bxf6 12. 0-0-0 Nxb3+ 13. axb3 Qa5 14. Kb1 Bd7 15. Rhe1 0-0-0 16. Rd3 Kb8 17. Red1 Be7 18. f5 Bf6 19. g4 h5 20. gxh5 Rc8 21. Qg4 Rc5 22. fxe6 fxe6 23. b4 Rg5 24. Qf4 Qe5 25. Qxe5 Rxe5 26. Nf3 Rexh5 27. Rxd6 Bc8 28. R6d3 b5 29. Rg1 R8h7 30. Ne2 Bb7 31. Nf4 R5h6 32. Re3 Be7 33. Nd3 Rh3 34. Nc5 a5 35. Nxe6 axb4 36. Rge1 g6 37. Nf4 R3h6 38. Nd5 Rh3 39. Nf4 R3h6 40. Nd5 Rh3 41. Rd3 Bxd5 42. exd5 Bd6 43. Re6 Bxh2 44. d6 Kc8 45. Rxg6 Rd7 46. Nxh2 Rxh2 47. Rd5 Rh4 48. Rxb5 Rc4 49. b3 Rd4 50. Rg8+ Rd8 51. Rc5+ 1-0

[Event "UKR-ch (Women) 81st"]
[Site "Kharkov"]
[Date "2021.12.13"]
[Round "5"]
[White "Berdnyk, Mariia"]
[Black "Doluhanova, Evgeniya"]
[Result "1-0"]
[WhiteElo "2307"]
[BlackElo "2264"]
[PlyCount "146"]
[EventDate "2021.12.08"]
[EventType "tourn"]
[EventRounds "9"]
[EventCountry "UKR"]
[SourceTitle "CBM 205 Extra"]
[Source "ChessBase"]
[SourceDate "2022.01.31"]
[SourceVersion "1"]
[SourceVersionDate "2022.01.31"]
[SourceQuality "1"]

1. d4 d5 2. c4 c6 3. Nf3 Nf6 4. Qc2 g6 5. Bf4 Bf5 6. Qb3 Qb6 7. e3 dxc4 8. Bxc4 Qxb3 9. Bxb3 Nbd7 10. Nc3 Nh5 11. Bg3 Bd3 12. 0-0-0 Ba6 13. Ne5 e6 14. Nxd7 Nxg3 15. hxg3 Kxd7 16. Ne4 h5 17. g4 Be7 18. g5 b6 19. Rh4 Rhf8 20. Rf4 Rad8 21. Bc2 Kc7 22. Nf6 Bd6 23. Rh4 Bb7 24. g4 hxg4 25. Rh7 g3 26. fxg3 Kc8 27. Ne4 c5 28. dxc5 Bxc5 29. Rxd8+ Kxd8 30. Nxc5 bxc5 31. Bxg6 fxg6 32. Rxb7 Rf5 33. Rxa7 Rxg5 34. Ra5 Ke7 35. e4 Kd6 36. b4 Re5 37. Ra6+ Kc7 38. b5 Kb7 39. a4 Rxe4 40. a5 Ra4 41. Rb6+ Ka7 42. Ra6+ Kb7 43. g4 g5 44. Kd2 e5 45. Ke3 Rb4 46. Rb6+ Ka7 47. Kd3 Ra4 48. Rc6 Rxa5 49. Rxc5 Ra4 50. Rc4 Ra5 51. Rb4 Ra1 52. Ke4 Rf1 53. b6+ Kb7 54. Kxe5 Rf2 55. Rd4 Kxb6 56. Rd6+ Kc7 57. Rf6 Ra2 58. Kf5 Ra5+ 59. Kg6 Kd7 60. Rf5 Ra4 61. Kxg5 Ke6 62. Rf8 Ke7 63. Rf3 Rb4 64. Kh5 Rb8 65. g5 Rh8+ 66. Kg6 Rg8+ 67. Kh6 Ra8 68. g6 Ra1 69. g7 Rh1+ 70. Kg6 Rg1+ 71. Kh7 Rh1+ 72. Kg8 Rg1 73. Rh3 Kf6 1-0

[Event "UKR-ch sf"]
[Site "Omelnyk"]
[Date "2021.09.27"]
[Round "6"]
[White "Berdnyk, Mariia"]
[Black "Hulka, Valentyn"]
[Result "1-0"]
[WhiteElo "2308"]
[BlackElo "2187"]
[PlyCount "145"]
[EventDate "2021.09.22"]
[EventType "swiss"]
[EventRounds "9"]
[EventCountry "UKR"]
[SourceTitle "CBM 204 Extra"]
[Source "ChessBase"]
[SourceDate "2021.11.30"]
[SourceVersion "1"]
[SourceVersionDate "2021.11.30"]
[SourceQuality "1"]

1. d4 Nf6 2. c4 g6 3. Nc3 d5 4. cxd5 Nxd5 5. e4 Nxc3 6. bxc3 Bg7 7. Nf3 c5 8. Be3 Qa5 9. Qd2 Nd7 10. Bd3 0-0 11. 0-0 b6 12. Rac1 Ba6 13. Bxa6 Qxa6 14. Bh6 Rfd8 15. Bxg7 Kxg7 16. e5 Qc4 17. Rfe1 Nf8 18. Re4 h6 19. Rh4 g5 20. Re4 Qe6 21. h4 Qf5 22. Qe3 Ne6 23. Nh2 cxd4 24. cxd4 Rac8 25. Rxc8 Rxc8 26. Nf1 Nf4 27. Ng3 Qg4 28. Qd2 Qe6 29. hxg5 hxg5 30. Rxf4 gxf4 31. Qxf4 Rh8 32. Nf5+ Kf8 33. Qg4 Rh7 34. Qe4 f6 35. Nd6 exd6 36. Qxh7 dxe5 37. Qh8+ Kf7 38. Qh5+ Kg7 39. dxe5 fxe5 40. a3 Qe7 41. Qg4+ Kh7 42. Qf5+ Kg7 43. Qg4+ Kh7 44. Qe4+ Kg7 45. g3 Qc7 46. Kg2 Kf6 47. g4 Qd7 48. Kg3 Qc7 49. Kh4 Kg7 50. Qf5 Qc5 51. g5 Qd4+ 52. Kh3 e4 53. Qf4 Kg6 54. Kg2 a5 55. Qh4 Qg7 56. Qxe4+ Kxg5 57. a4 Qb2 58. Kg3 Qb4 59. Kf3 Qb2 60. Qc4 Kf5 61. Ke3 Qe5+ 62. Kd3 Qd6+ 63. Kc2 Qf4 64. Qb5+ Kg4 65. Qe2+ Kh4 66. Qe7+ Kg4 67. Qg7+ Kf3 68. Qb7+ Qe4+ 69. Qxe4+ Kxe4 70. Kd2 Kf3 71. Ke1 b5 72. axb5 a4 73. Kd2 1-0

[Event "Online Olym Div Top-C"]
[Site "Chess.com INT"]
[Date "2021.09.11"]
[Round "7.3"]
[White "Francisco Guecamburu, Candela Be"]
[Black "Berdnyk, Mariia"]
[Result "1/2-1/2"]
[WhiteElo "2034"]
[BlackElo "2308"]
[PlyCount "138"]
[EventDate "2021.09.09"]
[EventType "team (rapid)"]
[EventRounds "9"]
[EventCountry "USA"]
[SourceTitle "CBM 204 Extra"]
[Source "ChessBase"]
[SourceDate "2021.11.30"]
[SourceVersion "1"]
[SourceVersionDate "2021.11.30"]
[SourceQuality "1"]
[WhiteTeam "Argentina"]
[BlackTeam "Ukraine"]
[WhiteTeamCountry "ARG"]
[BlackTeamCountry "UKR"]

1. e4 c5 2. Nf3 d6 3. Bb5+ Nd7 4. d4 cxd4 5. Qxd4 a6 6. Bxd7+ Bxd7 7. c4 e6 8. Nc3 Nf6 9. Bg5 Be7 10. 0-0 0-0 11. Rfd1 Bc6 12. Rac1 h6 13. Bxf6 Bxf6 14. Qxd6 Qxd6 15. Rxd6 Bxc3 16. Rxc3 Bxe4 17. Nd2 Bg6 18. c5 Rac8 19. f3 Rc7 20. b4 Rfc8 21. Nc4 Kf8 22. Nb6 Re8 23. Rc1 f6 24. Rcd1 Kf7 25. Rd8 e5 26. Nc4 Ke7 27. R8d6 Bf7 28. Na5 Bxa2 29. Rb6 Be6 30. Nxb7 Rb8 31. Na5 Ra8 32. Rdd6 Bc8 33. Kf2 Rd7 34. Ke3 Ke8 35. Nc4 Ke7 36. f4 exf4+ 37. Kxf4 Raa7 38. Na5 Ra8 39. Ke4 Ke8 40. Rxd7 Kxd7 41. Kd5 Kc7 42. Rc6+ Kd7 43. Rd6+ Kc7 44. Nc4 Bb7+ 45. Ke6 Re8+ 46. Kf7 Re4 47. Na5 Rxb4 48. g3 Rb5 49. Nxb7 Kxb7 50. Kxg7 Rxc5 51. Rxf6 Rc6 52. Rf5 Kb6 53. h4 a5 54. g4 a4 55. g5 hxg5 56. hxg5 a3 57. Rf3 Rc7+ 58. Kh6 Ra7 59. Rf1 Kb5 60. g6 Kb4 61. Rf7 Ra6 62. Rf1 a2 63. Kh7 Rxg6 64. Kxg6 Kb3 65. Kf5 Kb2 66. Rf2+ Kb1 67. Rf1+ Kb2 68. Ke4 a1Q 69. Rxa1 Kxa1 1/2-1/2

[Event "Vinnytsia Summer IM"]
[Site "Vinnytsia"]
[Date "2021.08.03"]
[Round "2"]
[White "Berdnyk, Mariia"]
[Black "Ceres, Dragos"]
[Result "0-1"]
[WhiteElo "2323"]
[BlackElo "2302"]
[PlyCount "122"]
[EventDate "2021.08.02"]
[EventType "tourn"]
[EventRounds "9"]
[EventCountry "UKR"]
[SourceTitle "CBM 203 Extra"]
[Source "ChessBase"]
[SourceDate "2021.09.30"]
[SourceVersion "1"]
[SourceVersionDate "2021.09.30"]
[SourceQuality "1"]

1. Nf3 Nf6 2. c4 e6 3. g3 d5 4. d4 dxc4 5. Bg2 Nc6 6. Qa4 Bb4+ 7. Bd2 Nd5 8. Bxb4 Ndxb4 9. Nc3 Bd7 10. 0-0 a6 11. Rac1 0-0 12. Ne5 b5 13. Qa3 Rb8 14. Rfd1 Be8 15. Ne4 Nd5 16. Nxc6 Bxc6 17. Nc5 a5 18. e4 b4 19. Qf3 Nb6 20. Qe3 Ba4 21. b3 cxb3 22. axb3 Bb5 23. Ra1 Ra8 24. Nb7 Qd7 25. Nxa5 e5 26. d5 Rfb8 27. Qc5 Nc8 28. Nc4 Rxa1 29. Rxa1 Bxc4 30. Qxc4 Nd6 31. Qc5 g6 32. Ra4 Rb5 33. Ra8+ Kg7 34. Qc1 Qe7 35. Bf1 Rb7 36. Ba6 Rb6 37. Qc5 Kf6 38. Bd3 Nb7 39. Qe3 Kg7 40. f4 Qc5 41. Qxc5 Nxc5 42. Bc2 f6 43. Ra5 Nb7 44. Ra7 Kf7 45. Kf2 Ke7 46. Ke3 Kf7 47. Kf2 Ke7 48. Ke3 Kd6 49. Ra8 Nc5 50. Rd8+ Nd7 51. Rh8 Ra6 52. Rxh7 Ra2 53. Bd3 Nc5 54. Rf7 exf4+ 55. gxf4 Rxh2 56. Bc4 Rh3+ 57. Ke2 Nxe4 58. Rf8 Kc5 59. Rc8 Nc3+ 60. Kf2 Nxd5 61. Rf8 f5 0-1

[Event "Kharkov Young Talents"]
[Site "Kharkov"]
[Date "2021.06.28"]
[Round "9"]
[White "Azadaliyev, Jahandar"]
[Black "Berdnyk, Mariia"]
[Result "1/2-1/2"]
[WhiteElo "1883"]
[BlackElo "2308"]
[PlyCount "110"]
[EventDate "2021.06.22"]
[EventType "tourn"]
[EventRounds "11"]
[EventCountry "UKR"]
[SourceTitle "EXT 2022"]
[Source "ChessBase"]
[SourceDate "2021.10.06"]
[SourceVersion "1"]
[SourceVersionDate "2021.10.06"]
[SourceQuality "1"]

1. d4 Nf6 2. c4 e6 3. Nc3 Bb4 4. e3 0-0 5. Nge2 Re8 6. a3 Bf8 7. e4 d5 8. e5 Nfd7 9. c5 b6 10. b4 a5 11. Be3 axb4 12. axb4 Rxa1 13. Qxa1 Nc6 14. Qa4 Ncxe5 15. dxe5 Nxe5 16. Nd4 bxc5 17. bxc5 Bxc5 18. Bb5 Bd7 19. 0-0 Bb6 20. Nc6 Nxc6 21. Bxb6 Ne5 22. Bd4 Bxb5 23. Nxb5 Nd7 24. Rc1 e5 25. Nxc7 Rf8 26. Nxd5 exd4 27. Rc8 Qxc8 28. Ne7+ Kh8 29. Nxc8 Rxc8 30. h3 Nf6 31. Qxd4 h6 32. g4 Re8 33. Qc4 Kg8 34. Kg2 Re4 35. Qc8+ Re8 36. Qf5 Re6 37. Qc5 g5 38. f3 Nh7 39. Qc8+ Kg7 40. Qc3+ Kg8 41. h4 Rf6 42. Kg3 Rf4 43. Qe5 Rf6 44. Kg2 Rf4 45. Qb8+ Kg7 46. Qb2+ Kg8 47. Kg3 Rf6 48. Kf2 Rf4 49. Qb8+ Kg7 50. Ke3 Rc4 51. Qb5 Rf4 52. Qe5+ Kg8 53. Kf2 Rf6 54. Qb8+ Kg7 55. Qb2 Kg8 1/2-1/2

[Event "Kharkov Young Talents"]
[Site "Kharkov"]
[Date "2021.06.24"]
[Round "4"]
[White "Doluhanova, Evgeniya"]
[Black "Berdnyk, Mariia"]
[Result "1/2-1/2"]
[WhiteElo "2192"]
[BlackElo "2308"]
[PlyCount "57"]
[EventDate "2021.06.22"]
[EventType "tourn"]
[EventRounds "11"]
[EventCountry "UKR"]
[SourceTitle "EXT 2022"]
[Source "ChessBase"]
[SourceDate "2021.10.06"]
[SourceVersion "1"]
[SourceVersionDate "2021.10.06"]
[SourceQuality "1"]

1. Nf3 d5 2. b3 c5 3. e3 Nf6 4. Bb2 e6 5. Bb5+ Bd7 6. Qe2 a6 7. Bxd7+ Nbxd7 8. Ne5 Bd6 9. Nxd7 Qxd7 10. d3 e5 11. f4 Qe7 12. 0-0 0-0-0 13. fxe5 Bxe5 14. Bxe5 Qxe5 15. Nd2 Rhe8 16. Rae1 h5 17. h3 Re7 18. Qf2 Kb8 19. e4 Rde8 20. c4 dxe4 21. Nxe4 Nxe4 22. Rxe4 Qc7 23. Rxe7 Rxe7 24. d4 cxd4 25. Qxd4 f6 26. Qf2 Qe5 27. Rd1 f5 28. Qd4 g5 29. Qd8+ 1/2-1/2

[Event "Kharkov Young Talents"]
[Site "Kharkov"]
[Date "2021.06.23"]
[Round "2"]
[White "Kislinsky, Alexey"]
[Black "Berdnyk, Mariia"]
[Result "1/2-1/2"]
[WhiteElo "2404"]
[BlackElo "2308"]
[PlyCount "111"]
[EventDate "2021.06.22"]
[EventType "tourn"]
[EventRounds "11"]
[EventCountry "UKR"]
[SourceTitle "EXT 2022"]
[Source "ChessBase"]
[SourceDate "2021.10.06"]
[SourceVersion "1"]
[SourceVersionDate "2021.10.06"]
[SourceQuality "1"]

1. e4 c5 2. c3 d5 3. exd5 Qxd5 4. d4 Nc6 5. Nf3 Bf5 6. Be3 Nf6 7. Na3 cxd4 8. Bc4 Qa5 9. Nxd4 Nxd4 10. Bxd4 e5 11. Bb5+ Bd7 12. Bxd7+ Nxd7 13. Nc4 Qd5 14. Qe2 f6 15. 0-0 Be7 16. Be3 0-0 17. Rad1 Qe6 18. Qd3 Rfd8 19. Qd5 Nc5 20. Qxe6+ Nxe6 21. Rxd8+ Nxd8 22. a4 b6 23. Rd1 Kf7 24. a5 bxa5 25. Rd7 Ke8 26. Rd5 a4 27. Ra5 Nc6 28. Rxa4 a5 29. Kf1 Rb8 30. Bb6 Bd8 31. Bxd8 Kxd8 32. Nxa5 Nxa5 33. Rxa5 Rxb2 34. Ra7 Rc2 35. Rxg7 Rxc3 36. Rxh7 Ke8 37. g4 Rc2 38. Rh5 Kf7 39. Rf5 Rc4 40. h3 Ke6 41. Kg2 e4 42. Ra5 Rc3 43. Ra4 Ke5 44. Ra8 Rc6 45. Ra5+ Ke6 46. h4 Rc3 47. Rf5 Rb3 48. h5 Ra3 49. h6 Kf7 50. h7 Kg7 51. Rh5 Kh8 52. Rh3 Ra2 53. Kf1 Ra1+ 54. Kg2 Ra2 55. Rc3 Ra4 56. Kg3 1/2-1/2

[Event "Titled Tuesday intern op 30th Mar"]
[Site "Chess.com INT"]
[Date "2021.03.30"]
[Round "2"]
[White "Acor, Corey B"]
[Black "Berdnyk, Mariia"]
[Result "1-0"]
[WhiteElo "2223"]
[BlackElo "2289"]
[PlyCount "63"]
[EventDate "2021.03.30"]
[EventType "swiss (blitz)"]
[EventRounds "11"]
[EventCountry "USA"]
[SourceTitle "CBM 201 Extra"]
[Source "ChessBase"]
[SourceDate "2021.05.31"]
[SourceVersion "1"]
[SourceVersionDate "2021.05.31"]
[SourceQuality "1"]

1. e4 c5 2. Nc3 d6 3. g3 Nc6 4. Bg2 g6 5. d3 Bg7 6. Be3 Nf6 7. h3 Rb8 8. f4 Nd7 9. Nf3 b5 10. d4 cxd4 11. Nxd4 Nxd4 12. Bxd4 0-0 13. Bxa7 Ra8 14. Bd4 Bb7 15. Bxg7 Kxg7 16. Nxb5 Qa5+ 17. Nc3 Qb4 18. Rb1 Rxa2 19. 0-0 Rxb2 20. Rxb2 Qxb2 21. Qd4+ e5 22. fxe5 Nxe5 23. Rb1 Qxc2 24. Rxb7 Rc8 25. Nd1 Rc4 26. Qxd6 Nd3 27. Ne3 Qf2+ 28. Kh2 Qxe3 29. Qd5 Rd4 30. Qxf7+ Kh6 31. Qxh7+ Kg5 32. Qh4# 1-0

[Event "Titled Tuesday intern op 30th Mar"]
[Site "Chess.com INT"]
[Date "2021.03.30"]
[Round "8"]
[White "Allahverdiyeva, Ayan"]
[Black "Berdnyk, Mariia"]
[Result "0-1"]
[WhiteElo "2088"]
[BlackElo "2289"]
[PlyCount "44"]
[EventDate "2021.03.30"]
[EventType "swiss (blitz)"]
[EventRounds "11"]
[EventCountry "USA"]
[SourceTitle "CBM 201 Extra"]
[Source "ChessBase"]
[SourceDate "2021.05.31"]
[SourceVersion "1"]
[SourceVersionDate "2021.05.31"]
[SourceQuality "1"]

1. e4 c5 2. Nf3 d6 3. d4 cxd4 4. Nxd4 Nf6 5. Nc3 g6 6. Be2 Bg7 7. 0-0 0-0 8. Bg5 Nc6 9. Nb3 Be6 10. f4 Qc8 11. Kh1 Bg4 12. Nd5 Bxe2 13. Qxe2 Nxd5 14. exd5 Nb4 15. Qxe7 Nxc2 16. Rac1 Bxb2 17. Qe4 Bxc1 18. Rxc1 Re8 19. Qa4 Re1+ 20. Rxe1 Nxe1 21. Qe4 Qe8 22. Qb1 Qe2 0-1

[Event "Titled Tuesday intern op 30th Mar"]
[Site "Chess.com INT"]
[Date "2021.03.30"]
[Round "5"]
[White "Berdnyk, Mariia"]
[Black "Deviprasath, Sharvesh"]
[Result "1-0"]
[WhiteElo "2289"]
[BlackElo "2045"]
[PlyCount "67"]
[EventDate "2021.03.30"]
[EventType "swiss (blitz)"]
[EventRounds "11"]
[EventCountry "USA"]
[SourceTitle "CBM 201 Extra"]
[Source "ChessBase"]
[SourceDate "2021.05.31"]
[SourceVersion "1"]
[SourceVersionDate "2021.05.31"]
[SourceQuality "1"]

1. d4 Nf6 2. c4 g6 3. Nc3 Bg7 4. e4 d6 5. Be2 0-0 6. Nf3 Nbd7 7. 0-0 e5 8. Re1 Re8 9. Bf1 a6 10. Be3 exd4 11. Bxd4 c6 12. Qc2 Ne5 13. Nxe5 dxe5 14. Be3 Nh5 15. Rad1 Qe7 16. c5 Be6 17. Rd6 f5 18. Red1 f4 19. Bc1 f3 20. g3 Rad8 21. Na4 Qf7 22. Qd3 Rxd6 23. cxd6 Bxa2 24. d7 Rd8 25. Nc5 Be6 26. Bg5 Bf6 27. Be3 Be7 28. Nxe6 Qxe6 29. Bb6 Nf6 30. Bxd8 Bxd8 31. Qxf3 Kf7 32. Qe3 Ke7 33. Qc5+ Kf7 34. Bc4 1-0

[Event "Titled Tuesday intern op 30th Mar"]
[Site "Chess.com INT"]
[Date "2021.03.30"]
[Round "3"]
[White "Berdnyk, Mariia"]
[Black "Warchol, Kamil"]
[Result "0-1"]
[WhiteElo "2289"]
[BlackElo "2124"]
[PlyCount "94"]
[EventDate "2021.03.30"]
[EventType "swiss (blitz)"]
[EventRounds "11"]
[EventCountry "USA"]
[SourceTitle "CBM 201 Extra"]
[Source "ChessBase"]
[SourceDate "2021.05.31"]
[SourceVersion "1"]
[SourceVersionDate "2021.05.31"]
[SourceQuality "1"]

1. d4 d5 2. c4 dxc4 3. e4 c5 4. d5 e6 5. Bxc4 Nf6 6. Nc3 exd5 7. exd5 a6 8. a4 Bd6 9. Nge2 0-0 10. 0-0 Nbd7 11. Bf4 Qc7 12. Qd2 Ne5 13. Ba2 b6 14. Rfe1 Bb7 15. Rad1 Rad8 16. Qc1 Qd7 17. Ng3 Rfe8 18. Bg5 Neg4 19. h3 h6 20. Bf4 Ne5 21. Nge4 Nxe4 22. Nxe4 Bb8 23. Bxh6 Qf5 24. Bg5 f6 25. Bh4 Nd3 26. Rxd3 Rxe4 27. Rf3 Qe5 28. Rxe4 Qh2+ 29. Kf1 Qh1+ 30. Ke2 Qxc1 31. Rd3 Qxb2+ 32. Rd2 Qc3 33. Bg3 Bxg3 34. fxg3 Qxg3 35. Kf1 Qg5 36. Rd1 Bxd5 37. Bxd5+ Rxd5 38. Ree1 Rxd1 39. Rxd1 Qf5+ 40. Ke1 b5 41. Rd8+ Kh7 42. axb5 axb5 43. Ra8 Qe5+ 44. Kf1 b4 45. Kg1 b3 46. Ra7 b2 47. Rb7 Qe3+ 0-1

[Event "Titled Tuesday intern op 30th Mar"]
[Site "Chess.com INT"]
[Date "2021.03.30"]
[Round "7"]
[White "Berdnyk, Mariia"]
[Black "Xie, Bryan"]
[Result "0-1"]
[WhiteElo "2289"]
[BlackElo "1998"]
[PlyCount "110"]
[EventDate "2021.03.30"]
[EventType "swiss (blitz)"]
[EventRounds "11"]
[EventCountry "USA"]
[SourceTitle "CBM 201 Extra"]
[Source "ChessBase"]
[SourceDate "2021.05.31"]
[SourceVersion "1"]
[SourceVersionDate "2021.05.31"]
[SourceQuality "1"]

1. d4 Nf6 2. c4 e6 3. g3 Be7 4. Bg2 0-0 5. Nf3 d5 6. 0-0 dxc4 7. Qc2 a6 8. a4 Bd7 9. Qxc4 Bc6 10. Bf4 Nbd7 11. Nc3 Nb6 12. Qd3 Nfd5 13. a5 Nxf4 14. gxf4 Nd5 15. Nxd5 Qxd5 16. Rfe1 Qh5 17. e4 Rad8 18. Qe3 Bf6 19. Ne5 Bb5 20. Rac1 c6 21. Kh1 Be7 22. Rg1 f6 23. Bf3 Qe8 24. Nc4 Bxc4 25. Rxc4 Kh8 26. Be2 Qd7 27. Qg3 Bd6 28. e5 fxe5 29. fxe5 Bc7 30. Bf3 Bxa5 31. Be4 Bd2 32. Qh4 Bh6 33. Rd1 Rf4 34. Qg3 Rxe4 35. f3 Re2 36. Qg4 Rf8 37. Qh4 Qd5 38. Rc3 Rxb2 39. Rf1 Rf4 40. Qe7 g6 41. Qe8+ Bf8 42. Rd3 Qc4 43. Rfd1 Qc2 44. R1d2 Qc1+ 45. Rd1 Qc2 46. R1d2 Rb1+ 47. Kg2 Qc4 48. Kg3 g5 49. h4 Rg1+ 50. Kh2 Rf1 51. hxg5 R1xf3 52. Rxf3 Rxf3 53. Kg2 Qd5 54. Rf2 Rf5+ 55. Kg1 Qxd4 0-1

[Event "Cherkasy Konsalt"]
[Site "Cherkasy"]
[Date "2021.03.07"]
[Round "3"]
[White "Berdnyk, Mariia"]
[Black "Kislinsky, Alexey"]
[Result "1-0"]
[WhiteElo "2289"]
[BlackElo "2463"]
[PlyCount "89"]
[EventDate "2021.03.06"]
[EventType "tourn"]
[EventRounds "9"]
[EventCountry "UKR"]
[EventCategory "2"]
[SourceTitle "EXT 2022"]
[Source "ChessBase"]
[SourceDate "2021.10.06"]
[SourceVersion "1"]
[SourceVersionDate "2021.10.06"]
[SourceQuality "1"]

1. c4 c5 2. Nf3 g6 3. g3 Bg7 4. Bg2 Nc6 5. Nc3 d6 6. a3 a5 7. 0-0 e5 8. Ne1 Be6 9. d3 Nge7 10. Nc2 d5 11. cxd5 Nxd5 12. Ne3 Nb6 13. Bxc6+ bxc6 14. Ne4 Bh3 15. Re1 f5 16. Nxc5 Qd6 17. Qc2 0-0 18. Bd2 Rf7 19. b4 a4 20. Nc4 Nxc4 21. Qxc4 e4 22. Rad1 Re8 23. dxe4 fxe4 24. Nxe4 Qd4 25. Qxd4 Bxd4 26. Bc3 Rxe4 27. Rxd4 Rfe7 28. e3 g5 29. Rxe4 Rxe4 30. Bd4 Bd7 31. f3 Re8 32. Rc1 Rf8 33. Kf2 g4 34. f4 Rf5 35. e4 Rh5 36. Kg2 Rb5 37. f5 Rb8 38. Rc5 Re8 39. Be5 Rd8 40. Kf2 Be8 41. Ke2 h5 42. Bf6 Rd6 43. e5 Rd4 44. e6 Re4+ 45. Kd2 1-0

[Event "Cherkasy Konsalt"]
[Site "Cherkasy"]
[Date "2021.03.06"]
[Round "1"]
[White "Berdnyk, Mariia"]
[Black "Romanchuk, Viktor"]
[Result "1-0"]
[WhiteElo "2289"]
[BlackElo "2258"]
[PlyCount "101"]
[EventDate "2021.03.06"]
[EventType "tourn"]
[EventRounds "9"]
[EventCountry "UKR"]
[EventCategory "2"]
[SourceTitle "EXT 2022"]
[Source "ChessBase"]
[SourceDate "2021.10.06"]
[SourceVersion "1"]
[SourceVersionDate "2021.10.06"]
[SourceQuality "1"]

1. d4 d5 2. c4 e6 3. Nf3 Nf6 4. g3 dxc4 5. Qa4+ Nbd7 6. Bg2 a6 7. Nc3 Bd6 8. 0-0 0-0 9. Qxc4 b5 10. Qd3 Bb7 11. Rd1 c5 12. Bg5 c4 13. Qc2 h6 14. Bxf6 Nxf6 15. a3 Qb6 16. e4 Be7 17. e5 Nd5 18. Ne1 Rfd8 19. Be4 a5 20. Ng2 b4 21. Nxd5 Bxd5 22. axb4 axb4 23. Rxa8 Rxa8 24. Bxd5 exd5 25. Nf4 Qc6 26. e6 fxe6 27. Re1 Bg5 28. Ng6 Qb6 29. h4 Bf6 30. Nf4 Qxd4 31. Rxe6 Rf8 32. Qg6 Be5 33. Re8 Rxe8 34. Qxe8+ Kh7 35. Ng6 Qd1+ 36. Kg2 Qc2 37. Nf8+ Kg8 38. Nd7+ Kh7 39. Qxe5 c3 40. bxc3 b3 41. Qxd5 b2 42. Qf7 Qe4+ 43. Kh2 Kh8 44. Qf8+ Kh7 45. Qf7 Kh8 46. Nc5 Qe1 47. Ne6 Qxc3 48. Qe8+ Kh7 49. Nf8+ Kg8 50. Ng6+ Kh7 51. h5 1-0

[Event "Titled Tuesday intern op 23rd Feb"]
[Site "Chess.com INT"]
[Date "2021.02.23"]
[Round "6"]
[White "Berdnyk, Mariia"]
[Black "Denishev, Marat"]
[Result "0-1"]
[WhiteElo "2289"]
[BlackElo "2159"]
[PlyCount "84"]
[EventDate "2021.02.23"]
[EventType "swiss (blitz)"]
[EventRounds "11"]
[EventCountry "USA"]
[SourceTitle "CBM 200 Extra"]
[Source "ChessBase"]
[SourceDate "2021.03.31"]
[SourceVersion "1"]
[SourceVersionDate "2021.03.31"]
[SourceQuality "1"]

1. d4 Nf6 2. c4 c5 3. d5 b5 4. cxb5 a6 5. bxa6 g6 6. Nc3 Bg7 7. Nf3 0-0 8. g3 Bxa6 9. Bg2 d6 10. 0-0 Nbd7 11. Rb1 Nb6 12. b3 Bb7 13. e4 Ng4 14. Bb2 Ba6 15. Re1 Nd7 16. h3 Nge5 17. a4 Nxf3+ 18. Bxf3 Ne5 19. Bg2 Nd3 20. Re3 Nxb2 21. Rxb2 Qa5 22. Qc2 Rfb8 23. Rb1 Rb7 24. Ne2 Rab8 25. Nc1 c4 26. Bf1 cxb3 27. Rbxb3 Rxb3 28. Nxb3 Qxa4 29. Bxa6 Qxa6 30. Qc7 Re8 31. Qd7 Kf8 32. Kg2 Bf6 33. Nd2 Rb8 34. Nf3 Rb1 35. Re1 Rxe1 36. Nxe1 Qe2 37. Nf3 Qxe4 38. Qc8+ Kg7 39. Qc6 g5 40. Qb7 h5 41. Qb3 g4 42. hxg4 hxg4 0-1